LIBRARY & INFORMATION CENTRE, KCAET, TAVANUR

ONLINE PUBLIC ACCESS CATALOGUE (OPAC)

Management theory and practice / (Record no. 9592)

MARC details
000 -LEADER
fixed length control field 00434cam a2200181ua 4500
041 ## - LANGUAGE CODE
Language code of text/sound track or separate title eng
082 ## - DEWEY DECIMAL CLASSIFICATION NUMBER
Classification number 658.01
Item number GUP/MA
100 ## - MAIN ENTRY--AUTHOR NAME
Personal name Gupta, C B .
245 ## - TITLE STATEMENT
Title Management theory and practice /
250 ## - EDITION STATEMENT
Edition statement 1 /
260 ## - PUBLICATION, DISTRIBUTION, ETC. (IMPRINT)
Place of publication New Delhi :
Name of publisher S.Chand & Sons ,
Year of publication 1995.
300 ## - PHYSICAL DESCRIPTION
Number of Pages 852 ; .
942 ## - ADDED ENTRY ELEMENTS (KOHA)
Koha item type Books
Holdings
Withdrawn status Lost status Damaged status Home library Current library Date acquired Full call number Accession Number Koha item type
      KAUAET KAUAET 07/04/2012 658.01 18973 Books
free website counter